Statistics for Avengers Team Members

Click here to take the quiz!

General Stats

  • This quiz has been taken 53,773 times
    (11,554 since last reset)
  • The average score is 27 of 132

Answer Stats

Avenger% Correct
Iron Man
97%
Captain America
96%
Hulk
93%
Spider-Man
90%
Thor
90%
Black Widow
89%
Hawkeye
81%
Black Panther
76%
Ant-Man
76%
Captain Marvel
66%
Scarlet Witch
66%
Doctor Strange
65%
Wasp
62%
Vision
60%
Falcon
59%
Wolverine
53%
Quicksilver
49%
War Machine
48%
Thing
39%
Human Torch
38%
Deadpool
37%
Mister Fantastic
36%
Storm
35%
Invisible Woman
33%
She-Hulk
32%
Daredevil
31%
Beast
28%
Spider-Woman
27%
Iron Fist
26%
Venom
24%
Valkyrie
22%
Ms. Marvel
22%
Rogue
21%
Captain Britain
19%
Mantis
19%
Namor
19%
Red Hulk
19%
Ghost Rider
18%
Punisher
18%
Moon Knight
16%
Hercules
16%
Power Man
15%
Nova
15%
Elektra
15%
Black Knight
14%
Wonder Man
14%
Sandman
13%
Shang-Chi
13%
Iron Patriot
13%
Quake
12%
Tigra
12%
Swordsman
12%
Sentry
12%
Squirrel Girl
12%
Mockingbird
12%
Cable
12%
Moondragon
11%
Ronin
11%
Ares
11%
U.S. Agent
11%
Havok
11%
Hellcat
11%
Crystal
11%
Firestar
10%
Quasar
10%
Sersi
10%
Doctor Druid
10%
Starfox
10%
Hulkling
10%
Two-Gun Kid
10%
Amadeus Cho
10%
White Tiger
10%
Wiccan
10%
Firebird
9%
Sunspot
9%
Stingray
9%
Stature
9%
Cannonball
9%
Darkhawk
9%
Demolition Man
9%
Brother Voodoo
9%
Echo
9%
Sabretooth
9%
Justice
9%
Sharon Carter
9%
Rage
9%
Machine Man
9%
Forgotten One
9%
Power Woman
9%
Jack of Hearts
9%
Jocasta
9%
Hyperion
9%
Triathlon
8%
Captain Universe
8%
Thunderstrike
8%
Smasher
8%
Protector
8%
Medusa
8%
Silverclaw
8%
Blue Marvel
8%
Living Lightning
8%
Victor Mancha
7%
Manifold
7%
Abyss
7%
Sunfire
7%
Dazzler
7%
Star Brand
7%
Doombot
7%
Songbird
6%
Ex Nihilo
6%
Kaluu
6%
Nightmask
6%
Miss America
6%
Red Wolf
6%
Gwenpool
6%
Synapse
6%
Alexis the Protector
6%
Pod
6%
Big Bertha
6%
Doorman
5%
Kid Omega
5%
Flatman
5%
Wheels Wolinski
5%
Alloy
5%
Nightshade
5%
Voyager
5%
Fuse
5%
Validator
5%
Sister Grimm
5%
Mister Immortal
5%
Conan the Barbarian
5%
Singularity
5%

Score Distribution

Percentile by Number Answered

Percent of People with Each Score

Your Score History

You have not taken this quiz since the last reset